000 00587nam a2200229Ia 4500
003 OSt
005 20220928114143.0
006 a|||||r|||| 00| 0
007 ta
008 220927b |||||||| |||| 00| 0 eng d
024 _a31585
037 _cTextual
040 _aSDCL
_cSDCL
_beng
041 _2eng
_aeng
082 _aV2'N6, L1
100 _aNayar Kuldip
245 0 _aIndia
_b The critical years
260 _aDelhi
_bVikas Publications
_c1971
300 _aviii,280p
_ccm.
942 _hV2'N6, L1
_cTEXL
_2CC
999 _c753176
_d753176